Name an Incorporated City in Arizona A-Z - Statistics

General Stats
  • This quiz has been taken 38 times
  • The average score is 12 of 20
Answer Stats
Letter City % Correct
P Page | Paradise Valley | Parker | +8
100%
M Mammoth | Marana | Maricopa | Mesa | Miami
88%
T Taylor | Tempe | Thatcher | Tolleson | Tombstone | Tucson | Tusayan
88%
F Flagstaff | Florence | Fountain Hills | Fredonia
82%
S Safford | Sahuarita | San Luis | +12
79%
Y Youngtown | Yuma
79%
G Gila Bend | Gilbert | Glendale | Globe | Goodyear | Guadalupe
76%
B Benson | Bisbee | Buckeye | Bullhead City
68%
L Lake Havasu City | Litchfield Park
68%
C Camp Verde | Carefree | Casa Grande | +8
65%
A Apache Junction | Avondale
59%
K Kearny | Kingman
50%
N Nogales
47%
Q Quartzsite | Queen Creek
47%
W Wellton | Wickenburg | Willcox | Williams | Winkelman | Winslow
38%
D Dewey-Humboldt | Douglas | Duncan
29%
O Oro Valley
29%
H Hayden | Holbrook | Huachuca City
24%
E Eagar | El Mirage | Eloy
18%
J Jerome
15%
No matching quizzes found
Score Distribution
Percent of People with Each Score
Percentile by Number Answered
Your Score History
You have not taken this quiz